Pedro Henríquez Ureña / (Registro nro. 7877)

Detalles MARC
000 -LIDER
fixed length control field 01213nam a2200301 u 4500
001 - NÚMERO DE CONTROL
Identificador de número de control 000019028
003 - IDENTIFICACDOR DE NÚMERO DE CONTROL
control field DO-SdBNP
005 - DATE AND TIME OF LATEST TRANSACTION
control field 20220609125707.0
007 - CAMPOS FIJOS DE DESCRIPCIÓN FÍSICA
fixed length control field 000019028
008 - ELEMENTOS DE LONGITUD FIJA
fixed length control field 100524s 1999 dr ac r001 0 spa d
020 ## - ISBN
International Standard Book Number 9701840062
040 ## - FUENTE DE CATALOGACIÓN
Agencia que crea de manera original el registro BPMSU
Idioma de catalogación spa
Agencia que realiza la transcripción BPMSU
082 #4 - NÚMERO DE CLASIFICACIÓN DECIMAL DE DEWEY
Classification number 928.61
Item number H519K 1999
Edition number 22
100 1# - ASIENTO PRINCIPAL -- NOMBRE PERSONAL
Nombre personal Krauze, Enríque,
Fechas asociadas con el nombre 1947-
245 10 - MENCIÓN DE TITULO
Título Pedro Henríquez Ureña /
Mención de responsabilidad Enríquez Krauze.
260 ## - PUBLICACIÓN, DISTRIBUCIÓN, ETC. (PIE DE IMPRENTA)
Lugar de publicación, distribución, etc Santo Domingo :
Nombre del editor, distribuidor, etc. Conaculta,
Fecha de publicación, distribución, etc 1999.
300 ## - DESCRIPCIÓN FÍSICA
Extensión 63 p. :
Otros detalles físicos il., retrs. ;
Dimensiones 28 cm.
500 ## - NOTA GENERAL
Nota general Incluye cronología de la vida de Pedro Henríquez Ureña (p. 59)
504 ## - NOTA DE BIBLIOGRAFÍA, ETC.
Bibliography, etc Bibliografía: p. 61
505 0# - NOTA DE CONTENIDO
Título El crítico errante --
-- Fragmento de patria --
-- Utopía de pertenecer --
-- Amistad intelectual --
-- Nicho ecológico --
-- Santo escéptico--
-- Cronología --
-- Bibliografía --
-- Idetificación de imágenes.
590 ## - NOTA LOCAL
Enlace Inventariado, 2022/VM
600 14 - ENCABEZAMIENTO DE MATERIA--NOMBRE PERSONAL
Nombre personal Henríquez Ureña, Pedro
Fechas asociadas con el nombre 1884-1946
Subdivisión temática general Crítica e interpretación
650 #4 - ENCABEZAMIENTO DE MATERIA--TEMÁTICO
Término temático o nombre geográfico como elemento de entrada Autores dominicanos
Subdivisión temática general Biografías
651 #4 - ENCABEZAMIENTO DE MATERIA--NOMBRE GEOGRÁFICO
Nombre geográfico República Dominicana
Subdivisión temática general Vida intelectual
Subdivisión cronológica Siglo XX
651 #4 - ENCABEZAMIENTO DE MATERIA--NOMBRE GEOGRÁFICO
Nombre geográfico República Dominicanan
Subdivisión temática general Biografías
910 ## - VALIDACIÓN
Validación VMateo V./Validado. Control de calidad MFF
942 ## - ADDED ENTRY ELEMENTS (KOHA)
Source of classification or shelving scheme Dewey Decimal Classification
Koha item type Libros
Existencias
Withdrawn status Lost status Source of classification or shelving scheme Damaged status Not for loan Collection code Home library Current library Date acquired Full call number Barcode Date last seen Price effective from Koha item type Copy number Total Checkouts
    Dewey Decimal Classification     Colección Dominicana Biblioteca Pública Metropolitana Salomé Ureña Biblioteca Pública Metropolitana Salomé Ureña 05/14/2015 BPMSU CD 928.61097293 H519K 2000 BPMSU15051714 05/14/2015 05/14/2015 Libros    
    Dewey Decimal Classification     Colección Dominicana Biblioteca Pública Metropolitana Salomé Ureña Biblioteca Pública Metropolitana Salomé Ureña 05/14/2015 BPMSU CD 928.61097293 H519K 2000 BPMSU15051715 05/14/2015 05/14/2015 Libros e.2  
    Dewey Decimal Classification     Colección Dominicana Biblioteca Pública Metropolitana Salomé Ureña Biblioteca Pública Metropolitana Salomé Ureña 07/09/2015 BPMSU CD 928.61097293 H519K 2000 BPMSU15070180 07/09/2015 07/09/2015 Libros e.3  
    Dewey Decimal Classification     Colección Dominicana Biblioteca Pública Metropolitana Salomé Ureña Biblioteca Pública Metropolitana Salomé Ureña 07/09/2015 BPMSU CD 928.61097293 H519K 2000 BPMSU23100026 10/17/2023 07/09/2015 Libros e.4